000 00367nam a2200145Ia 4500
008 230917s9999||||xx |||||||||||||| ||und||
040 _e36041
_aMAIN
041 _aEnglish
082 _a658.3 M426P
100 _aMathur, J S, ed
245 0 _aPersonnel management: new trends and styles
260 _aAllahabad
_bKitab Mahal
_c1986
300 _a186 p.
942 _cBK
999 _c57297
_d57297